Les 20 meilleurs buteurs de LDC à partir des 1/4 au 21ème siècle - Statistiques

Statistiques générales
  • Ce quiz a été pris 426 fois
  • Le résultat moyen est 13 sur 20
Statistiques - réponses
Top Nationalité Nb Matchs Nb Buts Joueur % Correct
1 Portugal 49 42 Cristiano Ronaldo
100%
2 Argentine 41 20 Lionel Messi
99%
3 France 36 19 Karim Benzema
97%
5 Pologne 24 13 Robert Lewandowski
94%
14 Brésil 18 8 Neymar
92%
9 Côte d'Ivoire 25 11 Didier Drogba
91%
12 Uruguay 17 8 Luis Suarez
89%
13 Sénégal 17 8 Sadio Mane
89%
8 Allemagne 40 12 Thomas Muller
87%
6 Ukraine 26 13 Andriy Shevchenko
81%
11 Angleterre 21 10 Wayne Rooney
66%
7 Espagne 31 13 Raul
58%
15 Italie 18 8 Alessandro Del Piero
54%
18 Pays-Bas 25 8 Arjen Robben
54%
4 Italie 23 13 Filippo Inzaghi
52%
10 Angleterre 31 11 Frank Lampard
40%
17 Brésil 24 8 Kaka
35%
20 Brésil 14 7 Roberto Firmino
25%
16 Espagne 21 8 Fernando Morientes
20%
19 Croatie 6 7 Ivica Olic
11%
Aucun quiz correspondant
Distribution des résultats
% des personnes avec chaque résultat
Percentile par nombre de réponses
Votre historique - résultats
Vous n’avez pas pris ce quiz